000 00660nam a22001817a 4500
003 UA-OsUOA
001 17557
007 ta
008 20040315b un ||||| |||| 00| 0 ukr d
100 _aДеркач Я.
942 _cSA
040 _aUA-OsUOA
_cUA-OsUOA
_dUA-OsUOA
245 _aЗлочинність і корупцію потрібно виривати з корінням
_bІнтерв'ю з головою облдержадміністрації М.Сорокою
_cДеркач Я.
300 _aС.3
955 _a0
773 0 _w0
_tВільне слово
_dРівне
_d2004
_g№19/5 берез./
650 7 _aВиконавча влада
_2UDC
999 _c303725
_d303725